D animals - Statistics

General Stats
  • This quiz has been taken 53 times
  • The average score is 11 of 13
Answer Stats
Picture Answer % Correct
Deer
98%
Donkey
98%
Duck
98%
Dragon
96%
Dolphin
93%
Dragonfly
93%
Dalmatian
91%
Dinosaur
91%
Dachshund
85%
Dingo
83%
Dung beetle
76%
Dik dik
50%
Dormouse
41%
No matching quizzes found
Score Distribution
Percent of People with Each Score
Percentile by Number Answered
Your Score History
You have not taken this quiz